05247 2202413 4500001002100000005001500021035002000036007000300056008004100059020002200100082001000122084001600132100002500148245012200173250001600295260003100311300003900342500001300381650004500394700001500439990001300454990001300467990001300480990001300493990001300506990001300519990001300532990001300545990001300558990001300571990001300584990001300597990001300610990001300623990001300636990001300649990001300662990001300675990001300688990001300701990001300714990001300727990001300740990001300753990001300766990001300779990001300792990001300805990001300818990001300831990001300844990001300857990001300870990001300883990001300896990001300909990001300922990001300935990001300948990001300961990001300974990001300987990001301000990001301013990001301026990001301039990001301052990001301065990001301078990001301091990001301104990001301117990001301130990001301143990001301156990001301169990001301182990001301195990001301208990001301221990001301234990001301247990001301260990001301273990001301286990001301299990001301312990001301325990001301338990001301351990001301364990001301377990001301390990001301403990001301416990001301429990001301442990001301455990001301468990001301481990001301494990001301507990001301520990001301533990001301546990001301559990001301572990001301585990001301598990001301611990001301624990001301637990001301650990001301663990001301676990001301689990001301702990001301715990001301728990001301741990001301754990001301767990001301780990001301793990001301806990001301819990001301832990001301845990001301858990001301871990001301884990001301897990001301910990001301923990001301936990001301949990001301962990001301975990001301988990001302001990001302014990001302027990001302040990001302053990001302066990001302079990001302092990001302105990001302118990001302131990001302144990001302157990001302170990001302183990001302196990001302209990001302222990001302235990001302248990001302261990001302274990001302287990001302300990001302313990001302326990001302339990001302352990001302365990001302378990001302391990001302404990001302417990001302430990001302443990001302456990001302469990001302482990001302495990001302508990001302521990001302534990001302547990001302560990001302573990001302586990001302599990001302612990001302625990001302638990001302651990001302664990001302677990001302690990001302703990001302716990001302729990001302742990001302755990001302768990001302781990001302794990001302807990001302820INLIS00000000000007820221108021629 a0010-1122000078ta221108 g 0 ind  a978-602-434-008-7 a323.6 a323.6 YUY p0 aYuyus Kardiman, M.Pd1 aPendidikan pancasila dan kewarganegaraan Jilid 1 :bSMA/MA kelas X /cYuyus Kardiman, M.Pd., Tuty, S.Pd., Alam S.,M.M arevisi 2013 aJakarta :bErlangga,c2017 avi, 313 hlm. :bilus. ;c25x18 cm. abiografi 4aPendidikan pancasila dan kewarganegaraan0 aTuty, S.Pd a04870487 a04870487 a04870487 a04870487 a04870487 a04870487 a04870487 a04870487 a04870487 a04870487 a04870487 a04870487 a04870487 a04870487 a04870487 a04870487 a04870487 a04870487 a04870487 a04870487 a04870487 a04870487 a04870487 a04870487 a04870487 a04870487 a04870487 a04870487 a04870487 a04870487 a04870487 a04870487 a04870487 a04870487 a04870487 a04870487 a04870487 a04870487 a04870487 a04870487 a04870487 a04870487 a04870487 a04870487 a04870487 a04870487 a04870487 a04870487 a04870487 a04870487 a04870487 a04870487 a04870487 a04870487 a04870487 a04870487 a04870487 a04870487 a04870487 a04870487 a04870487 a04870487 a04870487 a04870487 a04870487 a04870487 a04870487 a04870487 a04870487 a04870487 a04870487 a04870487 a04870487 a04870487 a04870487 a04870487 a04870487 a04870487 a04870487 a04870487 a04870487 a04870487 a04870487 a04870487 a04870487 a04870487 a04870487 a04870487 a04870487 a04870487 a04870487 a04870487 a04870487 a04870487 a04870487 a04870487 a04870487 a04870487 a04870487 a04870487 a04870487 a04870487 a04870487 a04870487 a04870487 a04870487 a04870487 a04870487 a04870487 a04870487 a04870487 a04870487 a04870487 a04870487 a04870487 a04870487 a04870487 a04870487 a04870487 a04870487 a04870487 a04870487 a04870487 a04870487 a04870487 a04870487 a04870487 a04870487 a04870487 a04870487 a04870487 a04870487 a04870487 a04870487 a04870487 a04870487 a04870487 a04870487 a04870487 a04870487 a04870487 a04870487 a04870487 a04870487 a04870487 a04870487 a04870487 a04870487 a04870487 a04870487 a04870487 a04870487 a04870487 a04870487 a04870487 a04870487 a04870487 a04870487 a04870487 a04870487 a04870487 a04870487 a04870487 a11701170 a11701170 a11701170 a11701170 a11701170 a11701170 a11701170 a11701170 a11701170 a11701170 a11701170 a11701170 a11701170 a11701170 a11701170 a11701170 a11701170 a11701170 a11701170 a11701170